00540nam a2200157 a 450000100100000000500170001000800410002702000180006804000250008608200160011110000480012724500690017526000760024430000360032070000260035600003044320230131103017.0110517s2011 dr ac r 000 0 spa d a9789945862829 aDO-SdBNPbspacBNPHU axxxxbD488j0 a Devanand Saraswati,cSwami Gurud1917-199010aJunto al maestro /cSwami Gurú Devanand, Saraswati Ji Maharaj. aSanto Domingo :bSociedad Internacional de Realización Divina,c2011. a343 p. :bil., retrs. ;c23 cm.1 aJi Maharaj, Saraswati